000 00602nam a2200217 i 4500
001 104401
003 ES-MaACL
005 20250901063123.0
007 t|
008 051129s1985 sp ||||1| spa d
020 _a84-204-8022-3
100 _aMillás, Juan José,
_d1946-
_9241756
245 1 0 _aLetra muerta /
_cJuan José Millás.
250 _a2ª ed.
260 _aMadrid :
_bAlfaguara,
_c1985.
300 _a132 p. ;
_c22 cm.
490 1 _aNueva ficción ;
_v21
830 0 _aNueva ficción ;
_v21
_9183218
852 _aES-MaACL
_jL-10519
_bR.112450
999 _c104401
_d104401